| 000 -LEADER |
| fixed length control field |
00796nam a22002297a 4500 |
| 005 - DATE AND TIME OF LATEST TRANSACTION |
| control field |
20230508101119.0 |
| 008 - FIXED-LENGTH DATA ELEMENTS--GENERAL INFORMATION |
| fixed length control field |
230508b ||||| |||| 00| 0 eng d |
| 020 ## - INTERNATIONAL STANDARD BOOK NUMBER |
| International Standard Book Number |
9781526300515 |
| 040 ## - CATALOGING SOURCE |
| Transcribing agency |
KH8 |
| 082 ## - DEWEY DECIMAL CLASSIFICATION NUMBER |
| Classification number |
303.6 SPI |
| 100 ## - MAIN ENTRY--PERSONAL NAME |
| Personal name |
Spilsbury, Louise |
| Relator term |
Author |
| 245 ## - TITLE STATEMENT |
| Title |
Global conflict / |
| Statement of responsibility, etc. |
Louise Spilsbury |
| 260 ## - PUBLICATION, DISTRIBUTION, ETC. |
| Place of publication, distribution, etc. |
London, |
| Name of publisher, distributor, etc. |
Wayland, an imprint of Hachette Children's Books, |
| Date of publication, distribution, etc. |
2018 |
| 300 ## - PHYSICAL DESCRIPTION |
| Extent |
32 pages : |
| Other physical details |
colour illustrations ; |
| Dimensions |
23 cm |
| 440 ## - SERIES STATEMENT/ADDED ENTRY--TITLE |
| Title |
Children in our world |
| 520 ## - SUMMARY, ETC. |
| Summary, etc. |
Children can begin to understand what war and conflict are, how they affect people and how readers can help those who are affected |
| 650 ## - SUBJECT ADDED ENTRY--TOPICAL TERM |
| Topical term or geographic name entry element |
Flüchtling |
| 650 ## - SUBJECT ADDED ENTRY--TOPICAL TERM |
| Topical term or geographic name entry element |
Juvenile works |
| 650 ## - SUBJECT ADDED ENTRY--TOPICAL TERM |
| Topical term or geographic name entry element |
Politics and war |
| 700 ## - ADDED ENTRY--PERSONAL NAME |
| Personal name |
Hanane Kai |
| Relator term |
Illustrator |
| 942 ## - ADDED ENTRY ELEMENTS (KOHA) |
| Source of classification or shelving scheme |
|
| Koha item type |
Books - Non Ficton |